Œuvre en 3 indices - Statistiques

Statistiques générales
  • Ce quiz a été pris 18 fois
  • Le résultat moyen est 5 sur 15
Statistiques - réponses
Indices Réponses % Correct
Ecole, Prison, Chouettes Harry Potter
92%
Tristesse, Colère, Joie Vice-Versa
67%
Singe, Tortue, Plomberie Mario
58%
Chat, Ange, Grimoire Charmed
42%
Singe, Tortue, Vœux Dragon Ball
42%
Pizza, Peintre, New-York Les Tortues Ninja
42%
Collège, Cheveux rose, Ordinateur Code Lyoko
33%
Destruction, Construction, Diamants Minecraft
25%
Royaume, Bombes, Cheval The Legend of Zelda
25%
Oursons, Robes, Vaisseaux Star Wars
17%
Attraction, Alcool, Voile Pirates des Caraïbes
8%
Château, Dragon, Boue Shrek
8%
Café, Voisin, Amour Friends
0%
Russie, Ligne, Forme Tetris
0%
Jumeaux, Journal, Chien Tintin
0%
Aucun quiz correspondant
Distribution des résultats
% des personnes avec chaque résultat
Percentile par nombre de réponses
Votre historique - résultats
Vous n’avez pas pris ce quiz